| 000 | 00883cam a2200265 i 4500 | ||
|---|---|---|---|
| 999 |
_c200454559 _d72771 |
||
| 001 | 99670973406676 | ||
| 003 | TR-AnTOB | ||
| 005 | 20230928134800.0 | ||
| 007 | ta | ||
| 008 | 690430s1966 nyu|||| |||| 001 0|eng | ||
| 040 |
_aTR-AnTOB _beng _erda _cTR-AnTOB |
||
| 041 | 0 | _atur | |
| 060 | _aWO 100 | ||
| 096 |
_aWO100 _bE66 1966 TıpFaK |
||
| 100 | 1 |
_aErdentuğ, Necati _9143789 _eauthor |
|
| 245 | 1 | 0 |
_aAcil cerrahi servisinde gördüğümüz şok tipleri, şok ve tedavisindeki yenilikler / _cNecati Erdentuğ. |
| 246 | 1 | 0 |
_aTypes of shocks seen at emergency surgical dept. new concepts in shock and treatment _b |
| 264 | 1 |
_aAnkara : _bTürk Matbaası, _c1966. |
|
| 300 |
_a43 pages : _billustrations ; _c23 cm |
||
| 336 |
_atext _btxt _2rdacontent |
||
| 337 |
_aunmediated _bn _2rdamedia |
||
| 338 |
_avolume _bnc _2rdacarrier |
||
| 942 |
_2NLM _cBK |
||